Score 0/16 Timer 04:00
1 Play Today
Scrambled Surname Unscrambled Surname % Correct
THORROTH
96.5%
FOLOWWOOLF
68.3%
What they all have in common:AUTHORS
53.6%
GOWNLRIROWLING
42.4%
DRIFLEZATGFITZGERALD
40.1%
LLLEEMVIMELVILLE
35.8%
MEWHANGIYHEMINGWAY
27%
SEDCINKDICKENS
25%
Scrambled Surname Unscrambled Surname % Correct
REALIGNSSALINGER
20.4%
MAIRSGHGRISHAM
16.8%
UNREFLAKFAULKNER
16.5%
ETILNOKTOLKIEN
15.4%
LORELWORWELL
14.6%
TRANHOWWHARTON
13.4%
NATUESAUSTEN
11%
ITHRICESCHRISTIE
10%
Remove Ads.
Support Sporcle.
Get the best of Sporcle when you Go Orange. This ad-free experience offers more features, more stats, and more fun while also helping to support Sporcle. Thank you for becoming a member.

You're not logged in!

Compare scores with friends on all Sporcle quizzes.
OR
Log In

Show Comments

Extras

Top Quizzes Today


Score Distribution

Your Account Isn't Verified!

In order to create a playlist on Sporcle, you need to verify the email address you used during registration. Go to your Sporcle Settings to finish the process.

Report this User

Report this user for behavior that violates our Community Guidelines.

Details: